[Event "Kaltern op 5th"]
[Site "Kaltern"]
[Date "2022.10.22"]
[Round "3"]
[White "Vincenti, Francesco"]
[Black "Bisaro, Andrea"]
[Result "0-1"]
[WhiteElo "1336"]
[BlackElo "1819"]
[PlyCount "71"]
[EventDate "2022.10.21"]
[EventType "swiss"]
[EventRounds "5"]
[EventCountry "ITA"]
[SourceTitle "EXT 2024"]
[Source "ChessBase"]
[SourceDate "2023.10.10"]
[SourceVersion "1"]
[SourceVersionDate "2023.10.10"]
[SourceQuality "1"]

1. e4 e6 2. d4 d5 3. exd5 exd5 4. Nd2 Bd6 5. g3 Ne7 6. Bg2 0-0 7. Ngf3 Bg4 8. 0-0 Nbc6 9. c3 Qd7 10. Qb3 Rab8 11. Re1 h6 12. Ne5 Bxe5 13. dxe5 Rfe8 14. f4 Be6 15. Qc2 Rbd8 16. Nb3 b6 17. Be3 Qc8 18. Rac1 Bf5 19. Qf2 a5 20. Nd4 Nxd4 21. cxd4 Qd7 22. Rc3 c5 23. Rb3 c4 24. Rc3 b5 25. Bf3 b4 26. Rcc1 Rc8 27. Kh1 Rc7 28. Rg1 Rec8 29. g4 Be4 30. Bxe4 dxe4 31. Qg2 c3 32. bxc3 Rxc3 33. Qxe4 Qd5 34. Qxd5 Nxd5 35. Bd2 Rc2 36. f5 0-1

[Event "San Bernardino Autumn op"]
[Site "San Bernardino"]
[Date "2021.10.01"]
[Round "1"]
[White "Vincenti, Francesco"]
[Black "Moingt, Anne"]
[Result "0-1"]
[WhiteElo "1270"]
[BlackElo "2031"]
[PlyCount "50"]
[EventDate "2021.10.01"]
[EventType "swiss"]
[EventRounds "5"]
[EventCountry "SUI"]
[SourceTitle "EXT 2023"]
[Source "ChessBase"]
[SourceDate "2022.10.05"]
[SourceVersion "1"]
[SourceVersionDate "2022.10.05"]
[SourceQuality "1"]

1. e4 c5 2. Nf3 d6 3. d4 cxd4 4. Nxd4 Nf6 5. Nc3 e6 6. Bg5 Be7 7. Bc4 a6 8. a4 Qc7 9. Bb3 0-0 10. 0-0 Nc6 11. Nxc6 bxc6 12. Be3 d5 13. exd5 cxd5 14. f4 Bb7 15. Qe2 Rac8 16. Rac1 Nd7 17. f5 Bf6 18. fxe6 fxe6 19. Qg4 Rce8 20. Kh1 Kh8 21. Bd2 Nc5 22. Bf4 Qc6 23. Bg5 Bxg5 24. Qxg5 d4 25. Ne4 Qxe4 0-1